000 00519nam a2200181Ia 4500
001 8633
005 20260306160624.0
008 260306t2008||||xx |||||||||||||| ||spa||
041 _aESP
082 _a371.201
_bM22 2008
100 _aManes, Juan Manuel
_eAUT
245 0 _aGestión estratégica para instituciones educativas:
_bguía para planificar estrategias de gerenciamiento institucional
260 _c2008
300 _a136 páginas :
_c23 cm.
650 _aGEN
654 _aCED
942 _cLIB
_dJUS
_fJUS
_2ddc
_n
999 _c8633
_d8633